[Event "DVM U12 2016"]
[Site "Magdeburg GER"]
[Date "2016.12.27"]
[Round "1"]
[White "Wagner, Leopold Franziskus"]
[Black "Morczynski, Joachim"]
[Result "1-0"]
[Termination "normal"]
[Board "1.2"]
[WhiteElo "1769"]
[BlackElo "1645"]
[WhiteClock "00:21:40"]
[BlackClock "01:03:11"]
[WhiteTeam "BSG Grün-Weiß Leipzig"]
[BlackTeam "Schachpinguine Berlin"]
[PlyCount "47"]
[WhiteFideId "1641581"]
[BlackFideId "16209745"]
[EventCountry "GER"]
[EventRounds "7"]
[EventType "team-swiss"]
[EventDate "2016.12.26"]

1. d4 d6 2. Nf3 Nf6 3. b3 g6 4. Bb2 Bg7 5. Nbd2 O-O 6. e4 Nbd7 7. c4 c6 8. Be2
Qc7 9. O-O e5 10. Qc2 exd4 11. Nxd4 Nc5 12. f4 Re8 13. Bf3 Qb6 14. Rad1 Ne6 15.
Qd3 Nxf4 16. Qe3 Bh6 17. Kh1 d5 18. c5 Qxc5 19. Rde1 Kg7 20. Nf5+ Bxf5 21. Qxc5
Nd3 22. Bxf6+ Kxf6 23. Qd4+ Ne5 24. exf5 1-0

[Event "DVM U12 2016"]
[Site "Magdeburg GER"]
[Date "2016.12.27"]
[Round "1"]
[White "Franz, Franz Theodor"]
[Black "Haufe, Laurin"]
[Result "0-1"]
[Termination "normal"]
[Board "1.3"]
[WhiteElo "1341"]
[BlackElo "1661"]
[WhiteClock "00:20:24"]
[BlackClock "00:12:29"]
[WhiteTeam "Schachpinguine Berlin"]
[BlackTeam "BSG Grün-Weiß Leipzig"]
[PlyCount "78"]
[WhiteFideId "12992674"]
[BlackFideId "12976504"]
[EventCountry "GER"]
[EventRounds "7"]
[EventType "team-swiss"]
[EventDate "2016.12.26"]

1. e4 c5 2. Nf3 d6 3. d4 cxd4 4. Qxd4 Nc6 5. Bb5 a6 6. Bxc6+ bxc6 7. c4 e5 8.
Qd3 Be6 9. Nc3 Nf6 10. Bg5 Be7 11. Rd1 Qb6 12. b3 Rd8 13. O-O O-O 14. Rd2 Rfe8
15. Rfd1 Rd7 16. Qe2 Red8 17. Rd3 Qc7 18. Bh4 h6 19. h3 Nh5 20. Bxe7 Rxe7 21.
R3d2 Nf4 22. Qe3 Red7 23. Kh1 Re8 24. Kg1 Qd8 25. Kh1 Qe7 26. Kg1 Red8 27. Kh1
Qf6 28. Kh2 Qg6 29. Rg1 Qh5 30. Ne1 Kh8 31. Nd3 g5 32. g4 Qg6 33. Nxf4 gxf4 34.
Qb6 Qg5 35. f3 h5 36. Rgg2 hxg4 37. hxg4 Qh4+ 38. Kg1 Qe1+ 39. Kh2 Kg7 0-1

[Event "DVM U12 2016"]
[Site "Magdeburg GER"]
[Date "2016.12.27"]
[Round "1"]
[White "Rose, Noah"]
[Black "Rosenhain, Jonathan"]
[Result "1-0"]
[Termination "normal"]
[Board "1.4"]
[WhiteElo "1547"]
[BlackElo "1222"]
[WhiteClock "00:01:11"]
[BlackClock "00:57:18"]
[WhiteTeam "BSG Grün-Weiß Leipzig"]
[BlackTeam "Schachpinguine Berlin"]
[PlyCount "125"]
[WhiteFideId "12990191"]
[BlackFideId "16212169"]
[EventCountry "GER"]
[EventRounds "7"]
[EventType "team-swiss"]
[EventDate "2016.12.26"]

1. e4 e5 2. Nf3 Nc6 3. Bc4 Nf6 4. d3 Bc5 5. O-O O-O 6. Nc3 d6 7. Bg5 Be6 8. Nd5
Bxd5 9. Bxd5 h6 10. Bh4 Qe7 11. c3 Rad8 12. b4 Bb6 13. Re1 Rfe8 14. Qc2 a6 15.
a4 Rc8 16. Re2 Nd8 17. Rae1 c6 18. Bb3 Ne6 19. Bxe6 Qxe6 20. d4 Rcd8 21. Bg3 a5
22. dxe5 dxe5 23. Bxe5 Ng4 24. Bd4 Bc7 25. h3 Nf6 26. Bxf6 Qxf6 27. e5 Qe7 28.
Qb2 Rd5 29. c4 Rdd8 30. b5 Rb8 31. Qc3 c5 32. Nd2 b6 33. f4 Qe6 34. Nf1 Bd8 35.
Ne3 Bh4 36. Rf1 f6 37. Nd5 Qf7 38. Rf3 fxe5 39. fxe5 Qg6 40. Qd3 Qg5 41. Qe3
Qg6 42. e6 Qb1+ 43. Rf1 Qg6 44. e7 Bg5 45. Qe6+ Qxe6 46. Rxe6 Rb7 47. Rxb6 Be3+
48. Kh1 Rxb6 49. Nxb6 Rxe7 50. Nd5 Re4 51. Re1 Rxc4 52. Rxe3 Rxa4 53. b6 Ra1+
54. Kh2 Rb1 55. Re7 a4 56. b7 Kh7 57. Nc3 Rb4 58. Nxa4 c4 59. Nc5 c3 60. Re2
Rb5 61. Rc2 Kg6 62. Rxc3 Kf7 63. Rb3 1-0

[Event "DVM U12 2016"]
[Site "Magdeburg GER"]
[Date "2016.12.27"]
[Round "1"]
[White "Kotyk, Michael"]
[Black "Hetzner, Hannes"]
[Result "1-0"]
[Termination "normal"]
[Board "2.1"]
[WhiteElo "1889"]
[BlackElo "1558"]
[WhiteClock "00:33:49"]
[BlackClock "00:06:29"]
[WhiteTeam "Hamburger SK"]
[BlackTeam "SC Erlangen"]
[PlyCount "77"]
[WhiteFideId "16214501"]
[BlackFideId "16211936"]
[EventCountry "GER"]
[EventRounds "7"]
[EventType "team-swiss"]
[EventDate "2016.12.26"]

1. e4 e6 2. b3 d5 3. Bb2 dxe4 4. Nc3 Nf6 5. Qe2 Nbd7 6. O-O-O Be7 7. g4 b6 8.
h4 Nc5 9. g5 Ba6 10. Qxa6 Nxa6 11. gxf6 Bxf6 12. Bb5+ Kf8 13. Bxa6 Bxh4 14.
Nxe4 Be7 15. Nf3 Qd5 16. Bd3 f5 17. Neg5 b5 18. Rde1 Bxg5 19. Nxg5 e5 20. Bxf5
Re8 21. Nxh7+ Kg8 22. Reg1 Rf8 23. Rh5 Rxf5 24. Rxf5 Rxh7 25. Rfg5 Qf7 26. Bxe5
Qxf2 27. Bxg7 Qf3 28. Be5+ Kf7 29. R5g4 Rh1 30. Bxc7 Qxg4 31. Rxh1 Qb4 32. Be5
Ke6 33. Re1 Kd5 34. Bb2 Qa5 35. Re5+ Kc6 36. a4 Qc7 37. axb5+ Kb6 38. c4 Qd6
39. c5+ 1-0

[Event "DVM U12 2016"]
[Site "Magdeburg GER"]
[Date "2016.12.27"]
[Round "1"]
[White "Högner, Tom"]
[Black "Weihrauch, Jakob"]
[Result "0-1"]
[Termination "normal"]
[Board "2.2"]
[WhiteElo "1550"]
[BlackElo "1848"]
[WhiteClock "00:53:35"]
[BlackClock "00:48:15"]
[WhiteTeam "SC Erlangen"]
[BlackTeam "Hamburger SK"]
[PlyCount "46"]
[WhiteFideId "12995436"]
[BlackFideId "16210115"]
[EventCountry "GER"]
[EventRounds "7"]
[EventType "team-swiss"]
[EventDate "2016.12.26"]

1. e4 c5 2. Nf3 d6 3. d4 cxd4 4. Nxd4 Nf6 5. Nc3 a6 6. Bg5 e6 7. Bc4 Be7 8. Qd2
h6 9. Bxf6 Bxf6 10. O-O O-O 11. Rad1 b5 12. Bxb5 axb5 13. Ndxb5 Ba6 14. Rfe1
Bxb5 15. Nxb5 Rxa2 16. Nxd6 Nc6 17. b3 Be5 18. Nc4 Qxd2 19. Nxd2 Rxc2 20. Nc4
Bd4 21. Rd2 Rxd2 22. Nxd2 Bc3 23. Rd1 Rd8 0-1

[Event "DVM U12 2016"]
[Site "Magdeburg GER"]
[Date "2016.12.27"]
[Round "1"]
[White "Klaas, Heiko"]
[Black "Zeltner, Richard"]
[Result "1-0"]
[Termination "normal"]
[Board "2.3"]
[WhiteElo "1573"]
[BlackElo "1404"]
[WhiteClock "00:45:16"]
[BlackClock "00:45:14"]
[WhiteTeam "Hamburger SK"]
[BlackTeam "SC Erlangen"]
[PlyCount "49"]
[WhiteFideId "16215940"]
[BlackFideId "12972703"]
[EventCountry "GER"]
[EventRounds "7"]
[EventType "team-swiss"]
[EventDate "2016.12.26"]

1. e4 e5 2. Nf3 Nc6 3. Bc4 Nf6 4. Nc3 Nxe4 5. Nxe4 d5 6. Bxd5 Qxd5 7. d3 Bf5 8.
Nc3 Qd8 9. O-O Bc5 10. Re1 Bd6 11. Bf4 Bg4 12. Nxe5 Bxd1 13. Nxc6+ Kd7 14. Nxd8
Bxf4 15. Nxb7 Bxc2 16. Re2 Bxd3 17. Nc5+ Kc6 18. Nxd3 Bd6 19. Ne5+ Bxe5 20.
Rxe5 Rab8 21. b3 Rhd8 22. Re7 Rd3 23. Rc1 Rbd8 24. h3 Rf8 25. Ne2+ 1-0

[Event "DVM U12 2016"]
[Site "Magdeburg GER"]
[Date "2016.12.27"]
[Round "1"]
[White "Wu, Wilfried"]
[Black "von Krosigk, Florian"]
[Result "1/2-1/2"]
[Termination "normal"]
[Board "2.4"]
[WhiteElo "1241"]
[BlackElo "1627"]
[WhiteClock "00:23:41"]
[BlackClock "00:46:17"]
[WhiteTeam "SC Erlangen"]
[BlackTeam "Hamburger SK"]
[PlyCount "84"]
[WhiteFideId "16260775"]
[BlackFideId "16227808"]
[EventCountry "GER"]
[EventRounds "7"]
[EventType "team-swiss"]
[EventDate "2016.12.26"]

1. e4 e5 2. Nf3 Nc6 3. Bc4 Bc5 4. Nc3 d6 5. h3 Nf6 6. d3 Be6 7. Bb3 Ne7 8. Bg5
Ng6 9. Qd2 h6 10. Be3 Bb6 11. d4 Ba5 12. Qd3 a6 13. dxe5 dxe5 14. Bxe6 fxe6 15.
Qxd8+ Rxd8 16. O-O Bxc3 17. bxc3 Nxe4 18. c4 Nd6 19. Nd2 O-O 20. Bc5 b6 21. Ba3
Rf4 22. Bxd6 Rxd6 23. Nf3 Rxc4 24. Rac1 e4 25. Nh2 Nf4 26. Rfe1 Rdc6 27. Re3
Nd3 28. Rd1 Rxc2 29. Rxe4 Nxf2 30. Rd8+ Kh7 31. Rf4 Nxh3+ 32. gxh3 Rxa2 33. Rd1
Rcc2 34. Ng4 Rg2+ 35. Kf1 c5 36. Rd7 h5 37. Rff7 hxg4 38. Rxg7+ Kh6 39. Rh7+
Kg5 40. Rhg7+ Kf4 41. Rdf7+ Kg3 42. Rxg4+ Kxh3 1/2-1/2

[Event "DVM U12 2016"]
[Site "Magdeburg GER"]
[Date "2016.12.27"]
[Round "1"]
[White "Lutz, Ruben"]
[Black "Wu, Leon"]
[Result "1/2-1/2"]
[Termination "normal"]
[Board "3.1"]
[WhiteElo "1843"]
[BlackElo "1839"]
[WhiteClock "00:15:06"]
[BlackClock "00:22:00"]
[WhiteTeam "USV TU Dresden"]
[BlackTeam "SK Mannheim-Lindenhof"]
[PlyCount "80"]
[WhiteFideId "12975974"]
[BlackFideId "12977438"]
[EventCountry "GER"]
[EventRounds "7"]
[EventType "team-swiss"]
[EventDate "2016.12.26"]

1. d4 Nf6 2. Nf3 e6 3. Bg5 Be7 4. Nbd2 b6 5. c3 Bb7 6. Bxf6 Bxf6 7. e4 d6 8.
Bd3 O-O 9. O-O Nd7 10. Qe2 g6 11. Rad1 c6 12. Nc4 d5 13. Nce5 Nxe5 14. dxe5 Bg7
15. exd5 exd5 16. e6 Qe7 17. exf7+ Qxf7 18. Rfe1 Rae8 19. Qc2 Bc8 20. Rxe8 Rxe8
21. Ng5 Qf6 22. h4 Bh6 23. Qd2 Bf5 24. Bxf5 Qxf5 25. Re1 Rxe1+ 26. Qxe1 Bxg5
27. hxg5 Kf7 28. Qc1 Qe4 29. f3 Qe5 30. Kf2 c5 31. Qd2 b5 32. g3 Ke6 33. f4 Qe4
34. Qe2 Qxe2+ 35. Kxe2 a5 36. g4 b4 37. Ke3 bxc3 38. bxc3 Kd6 39. Kd3 Ke6 40.
Ke3 Kd6 1/2-1/2

[Event "DVM U12 2016"]
[Site "Magdeburg GER"]
[Date "2016.12.27"]
[Round "1"]
[White "Wu, Luka"]
[Black "Lutz, Adam"]
[Result "0-1"]
[Termination "normal"]
[Board "3.2"]
[WhiteElo "1735"]
[BlackElo "1743"]
[WhiteClock "00:04:55"]
[BlackClock "00:36:37"]
[WhiteTeam "SK Mannheim-Lindenhof"]
[BlackTeam "USV TU Dresden"]
[PlyCount "138"]
[WhiteFideId "12977420"]
[BlackFideId "16226615"]
[EventCountry "GER"]
[EventRounds "7"]
[EventType "team-swiss"]
[EventDate "2016.12.26"]

1. e4 c5 2. Nf3 e6 3. d4 cxd4 4. Nxd4 Nf6 5. Bd3 a6 6. O-O d6 7. Nc3 b5 8. a3
Bb7 9. Kh1 Nbd7 10. Nb3 Ne5 11. f4 Nxd3 12. Qxd3 Qc7 13. Nd4 Be7 14. Re1 Nd7
15. Bd2 O-O 16. Qg3 Bf6 17. Nf3 e5 18. f5 Nb6 19. Bg5 Qe7 20. h4 Kh8 21. Nh2
Nd7 22. Rad1 h6 23. Bxf6 Nxf6 24. Qf3 Rac8 25. Rd2 Rfd8 26. Ng4 Rd7 27. g3 Rc5
28. Red1 Rxc3 29. Qxc3 Nxe4 30. Qe3 Nxd2+ 31. Kh2 Nf3+ 32. Kh3 h5 33. Nh2 Nxh2
34. Kxh2 d5 35. Qf3 e4 36. Qxh5+ Kg8 37. Qg4 Rc7 38. c3 e3 39. Rf1 Qf6 40. Kh3
Bc8 41. Qf3 Re7 42. g4 e2 43. Re1 Qe5 44. Kg2 Bb7 45. Qg3 d4+ 46. Kf2 Qxg3+ 47.
Kxg3 d3 48. Kf2 d2 49. Rxe2 d1=Q 50. Rxe7 Qf3+ 51. Ke1 Qg3+ 52. Kf1 Bg2+ 53.
Ke2 Bf3+ 54. Kf1 Qg2+ 55. Ke1 Qg1+ 56. Kd2 Qd1+ 57. Ke3 Qe2+ 58. Kf4 Qxe7 59.
Kxf3 Qe5 60. h5 Kh7 61. Kg2 Qf4 62. Kh3 Kh6 63. b3 Kg5 64. f6 Qxf6 65. Kg2 Kxg4
66. h6 Qf3+ 67. Kh2 Qf2+ 68. Kh1 Kg3 69. hxg7 Qg2# 0-1

[Event "DVM U12 2016"]
[Site "Magdeburg GER"]
[Date "2016.12.27"]
[Round "1"]
[White "Günther, Fabian"]
[Black "Hardt, Anton"]
[Result "0-1"]
[Termination "normal"]
[Board "3.3"]
[WhiteElo "1255"]
[BlackElo "1417"]
[WhiteClock "00:49:28"]
[BlackClock "00:09:43"]
[WhiteTeam "USV TU Dresden"]
[BlackTeam "SK Mannheim-Lindenhof"]
[PlyCount "120"]
[WhiteFideId "16240294"]
[BlackFideId "16239466"]
[EventCountry "GER"]
[EventRounds "7"]
[EventType "team-swiss"]
[EventDate "2016.12.26"]

1. d4 d6 2. c4 Nf6 3. Nc3 g6 4. Bg5 Bg7 5. Nf3 O-O 6. e3 Nbd7 7. Bd3 c6 8. O-O
h6 9. Bh4 g5 10. Bg3 Nh5 11. Re1 Nxg3 12. hxg3 e5 13. Qc2 Nb6 14. b3 f5 15.
dxe5 dxe5 16. Rad1 Qf6 17. e4 Be6 18. exf5 Bxf5 19. Rxe5 Bxd3 20. Rxd3 g4 21.
Ne4 Qf7 22. Nd6 Qc7 23. Nd4 Qxd6 24. Re4 Qg6 25. Qe2 Rae8 26. Rde3 Rxe4 27.
Rxe4 h5 28. Ne6 Re8 29. Kh2 Nd7 30. f3 gxf3 31. gxf3 Nf6 32. Nf4 Rxe4 33. fxe4
Qxe4 34. Qxe4 Nxe4 35. Nxh5 Be5 36. Kh3 Kf7 37. Kg4 Kg6 38. Nf4+ Bxf4 39. Kxf4
Nc3 40. a4 Kf6 41. Ke3 Na2 42. Kd2 Kf5 43. Kc2 Kg4 44. Kb2 Nb4 45. Kc3 Na6 46.
Kd4 Kxg3 47. c5 Kf4 48. Kc4 Ke4 49. b4 Nb8 50. Kc3 Kd5 51. Kd3 b6 52. cxb6 axb6
53. Kc3 Nd7 54. b5 cxb5 55. Kb4 bxa4 56. Kxa4 Kc4 57. Ka3 b5 58. Ka2 Kc3 59.
Kb1 b4 60. Kc1 b3 0-1

[Event "DVM U12 2016"]
[Site "Magdeburg GER"]
[Date "2016.12.27"]
[Round "1"]
[White "Gündel, Marius"]
[Black "Pfefferkorn, Paul"]
[Result "1/2-1/2"]
[Termination "normal"]
[Board "3.4"]
[WhiteElo "1335"]
[BlackElo "1033"]
[WhiteClock "00:02:12"]
[BlackClock "00:28:47"]
[WhiteTeam "SK Mannheim-Lindenhof"]
[BlackTeam "USV TU Dresden"]
[PlyCount "43"]
[BlackFideId "16255330"]
[EventCountry "GER"]
[EventRounds "7"]
[EventType "team-swiss"]
[EventDate "2016.12.26"]

1. e4 e5 2. Nf3 Nc6 3. d4 exd4 4. Nxd4 Bc5 5. Nb3 Bb6 6. Nc3 Nf6 7. Bc4 h6 8.
O-O O-O 9. Bf4 d6 10. Re1 Re8 11. Qd2 Ng4 12. Re2 Qh4 13. Bg3 Qf6 14. Nd5 Qd8
15. Rd1 Nf6 16. Bh4 Bg4 17. Nxf6+ gxf6 18. Qxh6 Bxe2 19. Bxf6 Qxf6 20. Qxf6
Bxc4 21. Qf5 Be6 22. Qf4 1/2-1/2

[Event "DVM U12 2016"]
[Site "Magdeburg GER"]
[Date "2016.12.27"]
[Round "1"]
[White "Gallasch, Jonas"]
[Black "Kosev, Momchil"]
[Result "1/2-1/2"]
[Termination "normal"]
[Board "4.1"]
[WhiteElo "1709"]
[BlackElo "1769"]
[WhiteClock "00:09:46"]
[BlackClock "00:21:42"]
[WhiteTeam "SG Porz"]
[BlackTeam "Erfurter SK"]
[PlyCount "58"]
[WhiteFideId "16222474"]
[BlackFideId "12975982"]
[EventCountry "GER"]
[EventRounds "7"]
[EventType "team-swiss"]
[EventDate "2016.12.26"]

1. Nf3 Nf6 2. c4 e6 3. d4 Bb4+ 4. Bd2 Qe7 5. g3 Bxd2+ 6. Qxd2 b6 7. Bg2 Bb7 8.
Nc3 d6 9. O-O O-O 10. Rad1 Nbd7 11. Rfe1 Ne4 12. Qc2 Nxc3 13. Qxc3 f5 14. b4
Nf6 15. Nd2 Bxg2 16. Kxg2 Qf7 17. f4 Qh5 18. Qf3 Qxf3+ 19. Kxf3 a5 20. b5 e5
21. e3 exd4 22. exd4 Rae8 23. d5 Nd7 24. Nb3 g6 25. Nd4 Nc5 26. h3 Kf7 27. g4
Kf6 28. Nb3 Nxb3 29. axb3 h6 1/2-1/2

[Event "DVM U12 2016"]
[Site "Magdeburg GER"]
[Date "2016.12.27"]
[Round "1"]
[White "Seinsoth, Paul"]
[Black "Parshykov, Edgar"]
[Result "0-1"]
[Termination "normal"]
[Board "4.2"]
[WhiteElo "1391"]
[BlackElo "1578"]
[WhiteClock "00:21:43"]
[BlackClock "00:12:45"]
[WhiteTeam "Erfurter SK"]
[BlackTeam "SG Porz"]
[PlyCount "53"]
[WhiteFideId "12994634"]
[BlackFideId "16222458"]
[EventCountry "GER"]
[EventRounds "7"]
[EventType "team-swiss"]
[EventDate "2016.12.26"]

1. c4 d6 2. Nc3 g6 3. g3 Bg7 4. Bg2 e5 5. d3 Nc6 6. Rb1 f5 7. Bd2 Nf6 8. b4 Rb8
9. b5 Ne7 10. e3 O-O 11. Nge2 d5 12. c5 Be6 13. d4 e4 14. Nf4 Qd7 15. b6 axb6
16. cxb6 c6 17. Na4 Qc8 18. Nc5 Bf7 19. a4 g5 20. Ne2 Nd7 21. a5 Nxc5 22. dxc5
Ng6 23. Bc3 Ne5 24. O-O Bh5 25. Bxe5 Bxe5 26. Qd2 Rd8 27. Nd4 {Rest nicht
nachvollziehbar} 0-1

[Event "DVM U12 2016"]
[Site "Magdeburg GER"]
[Date "2016.12.27"]
[Round "1"]
[White "Kogan, Gabriel"]
[Black "Wagner, Victoria"]
[Result "0-1"]
[Termination "normal"]
[Board "4.3"]
[WhiteElo "1467"]
[BlackElo "1474"]
[WhiteClock "00:37:54"]
[BlackClock "00:04:26"]
[WhiteTeam "SG Porz"]
[BlackTeam "Erfurter SK"]
[PlyCount "74"]
[WhiteFideId "16238265"]
[BlackFideId "16232348"]
[EventCountry "GER"]
[EventRounds "7"]
[EventType "team-swiss"]
[EventDate "2016.12.26"]

1. e4 c5 2. c3 d6 3. d4 Nf6 4. Bd3 cxd4 5. cxd4 e6 6. Bg5 Be7 7. Nf3 Nbd7 8.
O-O b6 9. Nc3 Bb7 10. Bd2 O-O 11. Rc1 a6 12. Re1 b5 13. a3 Rb8 14. h3 Re8 15.
Bb1 Nb6 16. Qc2 g6 17. Bh6 Bf8 18. Bxf8 Rxf8 19. Qd2 Kg7 20. b3 Qe7 21. Qf4 Nh5
22. Qd2 e5 23. dxe5 dxe5 24. Qe3 Ba8 25. Red1 Rfe8 26. b4 Nc4 27. Qe2 Nf4 28.
Qa2 Rbd8 29. a4 Qxb4 30. axb5 Rxd1+ 31. Nxd1 axb5 32. Nc3 Rc8 33. Qa6 Rb8 34.
Ba2 Qa3 35. Qxa3 Nxa3 36. Nxe5 b4 37. Na4 Ne2+ 0-1

[Event "DVM U12 2016"]
[Site "Magdeburg GER"]
[Date "2016.12.27"]
[Round "1"]
[White "Wagner, Margarethe"]
[Black "Sabirov, Rafael"]
[Result "1-0"]
[Termination "normal"]
[Board "4.4"]
[WhiteElo "1295"]
[BlackElo "1390"]
[WhiteClock "00:22:13"]
[BlackClock "00:12:51"]
[WhiteTeam "Erfurter SK"]
[BlackTeam "SG Porz"]
[PlyCount "61"]
[WhiteFideId "16236947"]
[BlackFideId "16241185"]
[EventCountry "GER"]
[EventRounds "7"]
[EventType "team-swiss"]
[EventDate "2016.12.26"]

1. e4 c5 2. Nf3 e6 3. Nc3 a6 4. d4 cxd4 5. Nxd4 Be7 6. Be3 b5 7. Qd2 Bb7 8. f3
Qc7 9. O-O-O Nf6 10. g4 O-O 11. h4 Nc6 12. h5 Rfd8 13. g5 Ne8 14. Rg1 f6 15. g6
hxg6 16. hxg6 Bc5 17. Nxc6 Bxe3 18. Qxe3 Qxc6 19. Qf2 Rdc8 20. Rh1 b4 21. Nb1
a5 22. Bd3 a4 23. Qh2 Kf8 24. Qe2 Ba6 25. Bxa6 Rxa6 26. Rxd7 Qxd7 27. Qxa6 b3
28. axb3 axb3 29. Qa3+ Kg8 30. Rh8+ Kxh8 31. Qf8# 1-0

[Event "DVM U12 2016"]
[Site "Magdeburg GER"]
[Date "2016.12.27"]
[Round "1"]
[White "Toval, David"]
[Black "Morgenstern, Tobias"]
[Result "1/2-1/2"]
[Termination "normal"]
[Board "5.1"]
[WhiteElo "1739"]
[BlackElo "1436"]
[WhiteTeam "SK Münster"]
[BlackTeam "Schachzwerge Magdeburg"]
[PlyCount "95"]
[WhiteFideId "12992755"]
[BlackFideId "12974390"]
[EventCountry "GER"]
[EventRounds "7"]
[EventType "team-swiss"]
[EventDate "2016.12.26"]

1. e4 e5 2. Nf3 Nc6 3. Bb5 a6 4. Ba4 Nf6 5. O-O Nxe4 6. Re1 Nc5 7. Bxc6 dxc6 8.
Nxe5 Be7 9. Nc3 O-O 10. b3 Be6 11. Bb2 Re8 12. Ne2 Bf6 13. Nf4 Bd5 14. Nxd5
cxd5 15. Qh5 Re7 16. Qf5 Qd6 17. d4 Ne6 18. a4 b6 19. Rad1 c5 20. dxc5 bxc5 21.
Nc4 Nd4 22. Bxd4 dxc4 23. Bxf6 Rxe1+ 24. Rxe1 Qxf6 25. Qxf6 gxf6 26. Kf1 cxb3
27. cxb3 Rb8 28. Re3 Kf8 29. Ke2 Rb4 30. Rc3 Ke7 31. Rxc5 Rxb3 32. Rc6 Rb2+ 33.
Ke3 Rb3+ 34. Kd2 Rb2+ 35. Rc2 Rb4 36. Ra2 a5 37. Kc3 Ke6 38. f3 Kf5 39. g3 h5
40. h4 Ke5 41. Rb2 Rxb2 42. Kxb2 f5 43. Kc3 Kd5 44. Kd3 f6 45. Ke3 Ke5 46. f4+
Kd5 47. Kd3 Kc5 48. Kc3 1/2-1/2

[Event "DVM U12 2016"]
[Site "Magdeburg GER"]
[Date "2016.12.27"]
[Round "1"]
[White "Eschner, Fabian"]
[Black "Kamp, Adrian"]
[Result "1/2-1/2"]
[Termination "normal"]
[Board "5.2"]
[WhiteElo "1515"]
[BlackElo "1751"]
[WhiteTeam "Schachzwerge Magdeburg"]
[BlackTeam "SK Münster"]
[PlyCount "94"]
[WhiteFideId "16232860"]
[BlackFideId "16222466"]
[EventCountry "GER"]
[EventRounds "7"]
[EventType "team-swiss"]
[EventDate "2016.12.26"]

1. e4 c5 2. Nf3 d6 3. d4 cxd4 4. Nxd4 Nf6 5. Nc3 g6 6. Bg5 Bg7 7. Qd2 Nc6 8.
Nxc6 bxc6 9. Be2 O-O 10. Rd1 Bb7 11. O-O Qc7 12. Bh6 Rab8 13. Bxg7 Kxg7 14. Qe3
Ba8 15. b3 Qa5 16. h3 Nd7 17. Bg4 Ne5 18. Ne2 Nxg4 19. hxg4 Qb6 20. Qc3+ Kg8
21. Nf4 Qb4 22. Qxb4 Rxb4 23. f3 c5 24. c3 Rb6 25. Nd5 Bxd5 26. Rxd5 Ra6 27.
Rf2 e6 28. Rd3 Rd8 29. Rfd2 Kf8 30. b4 Rc8 31. a4 cxb4 32. cxb4 Rc4 33. Rxd6
Rxd6 34. Rxd6 Rxb4 35. a5 Ke7 36. Ra6 Rb7 37. g5 Kd7 38. e5 Kc7 39. Kh2 Kd7 40.
Kh3 Kc7 41. g3 Kd7 42. f4 Kc7 43. Kh4 Kd7 44. Kg4 Kc7 45. Kh3 Kd7 46. Kh4 Kc7
47. Kg4 Kd7 1/2-1/2

[Event "DVM U12 2016"]
[Site "Magdeburg GER"]
[Date "2016.12.27"]
[Round "1"]
[White "Schröder, Lennart"]
[Black "Joppich, Til"]
[Result "1-0"]
[Termination "normal"]
[Board "5.3"]
[WhiteElo "1503"]
[BlackElo "1483"]
[WhiteTeam "SK Münster"]
[BlackTeam "Schachzwerge Magdeburg"]
[PlyCount "133"]
[WhiteFideId "16222490"]
[BlackFideId "16232917"]
[EventCountry "GER"]
[EventRounds "7"]
[EventType "team-swiss"]
[EventDate "2016.12.26"]

1. d4 Nf6 2. Nf3 e6 3. g3 Be7 4. Bg2 O-O 5. O-O c5 6. c4 d5 7. cxd5 Nxd5 8.
dxc5 Bxc5 9. e4 Nb6 10. Bf4 Nc6 11. Nbd2 Bd7 12. Nb3 Be7 13. Qe2 f6 14. Rfd1 e5
15. Be3 Qc7 16. Rac1 Be6 17. Qc2 Nc4 18. Bd2 Nxd2 19. Nfxd2 Rad8 20. a3 Rd7 21.
Nc4 Rfd8 22. Rxd7 Rxd7 23. Nca5 Qb6 24. Nxc6 Bxb3 25. Nxe7+ Rxe7 26. Qc3 Be6
27. Bf1 Re8 28. Bc4 Bxc4 29. Qxc4+ Qe6 30. Qb4 b6 31. Rc7 a5 32. Qb5 Rd8 33.
Kg2 Qd6 34. Qc4+ Kh8 35. Qf7 Rg8 36. Re7 Qd8 37. Rb7 Qd4 38. Qd5 Qxd5 39. exd5
Rd8 40. Rxb6 h6 41. Rb5 Ra8 42. Kf3 Kg8 43. Rb7 Rd8 44. Ke4 g6 45. Ra7 Re8 46.
d6 Rd8 47. Kd5 Kf8 48. Kc6 f5 49. b4 g5 50. b5 f4 51. gxf4 gxf4 52. Kd5 e4 53.
Re7 e3 54. Re4 Rb8 55. a4 Re8 56. Rxf4+ Kg7 57. fxe3 Rd8 58. b6 h5 59. b7 Kg6
60. Kc6 Re8 61. d7 Rxe3 62. d8=Q Rc3+ 63. Kb6 Rb3+ 64. Ka7 Kg7 65. Qg5+ Kh7 66.
Rf7+ Kh8 67. Qg7# 1-0

[Event "DVM U12 2016"]
[Site "Magdeburg GER"]
[Date "2016.12.27"]
[Round "1"]
[White "Heutling, Elina"]
[Black "Van Lindt, Raffael"]
[Result "0-1"]
[Termination "normal"]
[Board "5.4"]
[WhiteElo "1383"]
[BlackElo "1049"]
[WhiteTeam "Schachzwerge Magdeburg"]
[BlackTeam "SK Münster"]
[PlyCount "52"]
[WhiteFideId "16244729"]
[BlackFideId "12998834"]
[EventCountry "GER"]
[EventRounds "7"]
[EventType "team-swiss"]
[EventDate "2016.12.26"]

1. e4 e5 2. Nf3 Nc6 3. Bc4 Bc5 4. c3 Nf6 5. d4 exd4 6. cxd4 Bb4+ 7. Bd2 Bxd2+
8. Nbxd2 d6 9. d5 Ne5 10. Nxe5 dxe5 11. O-O O-O 12. Qc2 Bd7 13. Nf3 Re8 14.
Rfe1 Rc8 15. Qb3 Qe7 16. Rad1 Rb8 17. Qe3 Ra8 18. Nd2 Red8 19. f4 Ng4 20. Qg3
Qc5+ 21. Kf1 b5 22. Bd3 exf4 23. Qxf4 a5 24. h3 Ra6 25. Nf3 Rf6 26. Rc1 Qf2#
0-1

[Event "DVM U12 2016"]
[Site "Magdeburg GER"]
[Date "2016.12.27"]
[Round "1"]
[White "Pahl, Erik"]
[Black "Breitzmann, Sander"]
[Result "1/2-1/2"]
[Termination "normal"]
[Board "6.1"]
[WhiteElo "1741"]
[BlackElo "1705"]
[WhiteTeam "Delmenhorster SK"]
[BlackTeam "SV Empor Berlin"]
[PlyCount "130"]
[WhiteFideId "16201272"]
[BlackFideId "12987085"]
[EventCountry "GER"]
[EventRounds "7"]
[EventType "team-swiss"]
[EventDate "2016.12.26"]

1. e4 e5 2. Nf3 Nc6 3. Bb5 a6 4. Ba4 Nf6 5. O-O d6 6. d3 b5 7. Bb3 Be7 8. c3
Na5 9. Bc2 c5 10. Re1 O-O 11. Nbd2 Nc6 12. Nf1 Re8 13. h3 Bf8 14. Ne3 g6 15.
Nh2 Bg7 16. Nhg4 Nh5 17. Nd5 f5 18. exf5 gxf5 19. Nh6+ Bxh6 20. Bxh6 Qh4 21.
Qxh5 Qxh5 22. Nf6+ Kf7 23. Nxh5 Kg6 24. Ng7 Re7 25. Nxf5 Bxf5 26. Bd2 Rg8 27.
Kf1 d5 28. g4 Bd7 29. d4+ Kg7 30. dxc5 h5 31. Bg5 Ree8 32. gxh5 Bxh3+ 33. Kg1
Kf8 34. Bg6 Bf5 35. Bh6+ Ke7 36. Bg5+ Kf8 37. Kf1 Bxg6 38. hxg6 Rxg6 39. Be3
Kf7 40. Rad1 d4 41. cxd4 exd4 42. Bf4 Reg8 43. Bg3 Rg5 44. Rc1 Rd5 45. Ke2 Rgg5
46. Bd6 Rgf5 47. Rh1 d3+ 48. Ke3 Rf6 49. Rh4 a5 50. a3 a4 51. Rd1 Na5 52. Rxd3
Nc4+ 53. Rxc4 Rf3+ 54. Kxf3 Rxd3+ 55. Ke4 bxc4 56. Be5 Ke6 57. f4 Rd1 58. f5+
Ke7 59. Bd4 Rf1 60. f6+ Ke6 61. Bc3 Rf5 62. Bb4 Rxf6 63. c6 Rf2 64. Kd4 Rxb2
65. Kxc4 Rc2+ 1/2-1/2